Normal view
MARC view
Entry Geographic Name
001 - CONTROL NUMBER
- control field: 657
003 - CONTROL NUMBER IDENTIFIER
- control field: NLI
005 - DATE AND TIME OF LATEST TRANSACTION
- control field: 20210128155038.0
008 - FIXED-LENGTH DATA ELEMENTS
- fixed length control field: 210128|| aca||aabn | a|a d
040 ## - CATALOGING SOURCE
- Original cataloging agency: NLI
- Transcribing agency: NLI
151 ## - HEADING--GEOGRAPHIC NAME
- Geographic name: East Indians
- Form subdivision: Fiction
670 ## - SOURCE DATA FOUND
- Source citation: Work cat.: (NLI): 880-01 Eniath, Aliyyah 655, The yard /, 2016
